[Event "SVK-ch U18 Girls"]
[Site "Dudince"]
[Date "2023.04.17"]
[Round "3"]
[White "Rachelova, Diana"]
[Black "Fajtakova, Silvia"]
[Result "0-1"]
[WhiteElo "1139"]
[BlackElo "1589"]
[PlyCount "104"]
[EventDate "2023.04.16"]
[EventType "swiss"]
[EventRounds "9"]
[EventCountry "SVK"]
[SourceTitle "CBM 213 Extra"]
[Source "ChessBase"]
[SourceDate "2023.05.31"]
[SourceVersion "1"]
[SourceVersionDate "2023.05.31"]
[SourceQuality "1"]

1. d4 d5 2. c4 e6 3. Nf3 Nf6 4. Bg5 Be7 5. e3 h6 6. Nc3 hxg5 7. Nxg5 Nh5 8. Nf3 Nc6 9. cxd5 exd5 10. Qb3 Nf6 11. Bd3 Bb4 12. 0-0 Bxc3 13. Qxc3 Ne4 14. Qc2 Qe7 15. Rac1 Bd7 16. Qb3 Qd6 17. Qxb7 Rb8 18. Qa6 Nd2 19. Ne5 Rb6 20. Rxc6 Rxa6 21. Rxd6 Rxd6 22. Rd1 Ne4 23. Bxe4 dxe4 24. Rc1 c6 25. h3 Ke7 26. Rc5 Rb8 27. b3 Rb7 28. Kf1 Rb5 29. Rc4 f5 30. Ra4 Rb7 31. Ke2 Re6 32. Ra5 Be8 33. Kd2 Kf6 34. g4 g6 35. h4 Rc7 36. Kc3 c5 37. Kc4 cxd4+ 38. Kxd4 Rd6+ 39. Rd5 Rxd5+ 40. Kxd5 Rc8 41. g5+ Kg7 42. Kd4 Bb5 43. a4 Be2 44. b4 a6 45. Kd5 Bd1 46. b5 Bxa4 47. bxa6 Ra8 48. f3 exf3 49. Nxf3 Rxa6 50. Ke5 Be8 51. e4 fxe4 52. Kxe4 Bc6+ 0-1

[Event "SVK-ch U16 Girls rapid"]
[Site "Nitra"]
[Date "2021.09.11"]
[Round "1"]
[White "Fajtakova, Silvia"]
[Black "Sevcikova, Lucia"]
[Result "0-1"]
[WhiteElo "1366"]
[BlackElo "1808"]
[PlyCount "78"]
[EventDate "2021.09.11"]
[EventType "swiss (rapid)"]
[EventRounds "7"]
[EventCountry "SVK"]
[SourceTitle "EXT 2023"]
[Source "ChessBase"]
[SourceDate "2022.10.05"]
[SourceVersion "1"]
[SourceVersionDate "2022.10.05"]
[SourceQuality "1"]

1. e4 Nf6 2. d3 d5 3. Nd2 e5 4. g3 Bc5 5. h3 Be6 6. Bg2 c6 7. Ngf3 Nbd7 8. 0-0 0-0 9. Kh2 h6 10. Ng1 Qc7 11. Kh1 Rad8 12. f4 exf4 13. gxf4 dxe4 14. dxe4 Nb6 15. Qe1 Rfe8 16. Qh4 Be3 17. Nb3 Bxc1 18. Raxc1 Bxb3 19. axb3 Nxe4 20. Rfe1 Nf6 21. Rf1 Nbd5 22. Rf3 Kh8 23. Qf2 Ne4 24. Qh4 Qe7 25. Qe1 Qf6 26. Ne2 Qxb2 27. c4 Ndf6 28. Kh2 Rd2 29. Re3 Nd6 30. Rxe8+ Ndxe8 31. Bf3 Rd3 32. Rb1 Qa3 33. Kg2 Rxb3 34. Ra1 Qc5 35. Qf1 a6 36. Rc1 Qe3 37. Ng3 Qxf4 38. Re1 Rb2+ 39. Kh1 Qxg3 0-1

[Event "SVK-ch U16/20 Girls"]
[Site "Stara Lubovna"]
[Date "2021.07.03"]
[Round "9"]
[White "Kottnerova, Terezia"]
[Black "Fajtakova, Silvia"]
[Result "0-1"]
[WhiteElo "1000"]
[BlackElo "1485"]
[PlyCount "58"]
[EventDate "2021.06.26"]
[EventType "swiss"]
[EventRounds "9"]
[EventCountry "SVK"]
[SourceTitle "CBM 203 Extra"]
[Source "ChessBase"]
[SourceDate "2021.09.30"]
[SourceVersion "1"]
[SourceVersionDate "2021.09.30"]
[SourceQuality "1"]

1. e4 e5 2. Nf3 Nc6 3. Bc4 Be7 4. d3 Nf6 5. Be3 0-0 6. Nc3 d6 7. Qd2 a6 8. 0-0-0 b5 9. Bd5 Bd7 10. Bg5 Rb8 11. h4 h6 12. Be3 a5 13. d4 b4 14. Na4 exd4 15. Bxd4 Nxd4 16. Nxd4 Bxa4 17. Rh3 Nxd5 18. exd5 Qd7 19. Re3 Bxh4 20. Rh1 Bg5 21. Rhh3 Bxe3 22. Rxe3 Qg4 23. Re7 Qg5 24. Re2 Qxd2+ 25. Rxd2 Rbc8 26. Kb1 Rfe8 27. Re2 Rxe2 28. Nxe2 Re8 29. Ng3 Re1# 0-1

[Event "Skalica Rapid op"]
[Site "Skalica"]
[Date "2020.08.29"]
[Round "4"]
[White "Krakovsky, Peter"]
[Black "Fajtakova, Silvia"]
[Result "0-1"]
[WhiteElo "1661"]
[BlackElo "1323"]
[PlyCount "78"]
[EventDate "2020.08.29"]
[EventType "swiss (rapid)"]
[EventRounds "7"]
[EventCountry "SVK"]
[SourceTitle "CBM 198 Extra"]
[Source "ChessBase"]
[SourceDate "2020.11.30"]
[SourceVersion "1"]
[SourceVersionDate "2020.11.30"]
[SourceQuality "1"]

1. c4 c5 2. Nc3 d6 3. g3 Nc6 4. Bg2 Bd7 5. Nf3 Nf6 6. d3 g6 7. 0-0 Qc8 8. Rb1 Bh3 9. a3 Bxg2 10. Kxg2 h5 11. h4 Nd4 12. b4 Bh6 13. Bxh6 Rxh6 14. Qd2 Rh8 15. bxc5 dxc5 16. Nb5 Nxf3 17. exf3 Qc6 18. Nc3 Rd8 19. Rfe1 Kf8 20. Qe3 Rd7 21. Ne4 Rc7 22. Nxf6 exf6 23. Rb5 b6 24. a4 a6 25. Rbb1 Kg7 26. d4 cxd4 27. Qxd4 Qxc4 28. Qxb6 Rc6 29. Qb7 Qxa4 30. Ra1 Qb5 31. Qd7 Rhc8 32. Re7 Qc4 33. Re4 Qb5 34. Rea4 Qe2 35. R1a2 Qe1 36. Re4 Qb1 37. Rxa6 Rc1 38. g4 Rg1+ 39. Kh3 Qf1+ 0-1

[Event "Skalica Rapid op"]
[Site "Skalica"]
[Date "2020.08.29"]
[Round "6"]
[White "Ondrus, Michal"]
[Black "Fajtakova, Silvia"]
[Result "1-0"]
[WhiteElo "1000"]
[BlackElo "1323"]
[PlyCount "39"]
[EventDate "2020.08.29"]
[EventType "swiss (rapid)"]
[EventRounds "7"]
[EventCountry "SVK"]
[SourceTitle "CBM 198 Extra"]
[Source "ChessBase"]
[SourceDate "2020.11.30"]
[SourceVersion "1"]
[SourceVersionDate "2020.11.30"]
[SourceQuality "1"]

1. e4 e5 2. Nf3 Nc6 3. d4 exd4 4. Nxd4 Bc5 5. Be3 Qf6 6. c3 Nh6 7. Bc4 d6 8. h3 Ne5 9. Bb3 0-0 10. 0-0 Qg6 11. f4 Bxh3 12. Qd2 Nd3 13. f5 Qg4 14. f6 Bxd4 15. cxd4 Qxe4 16. Bc2 Bf5 17. Bxh6 gxh6 18. Qxh6 Qxd4+ 19. Kh2 Qg4 20. Rxf5 1-0

[Event "SVK-chT5 SE-SI 1920"]
[Site "Slovakia"]
[Date "2020.06.27"]
[Round "9.2"]
[White "Benci, Jozef1111"]
[Black "Fajtakova, Silvia"]
[Result "0-1"]
[WhiteElo "1127"]
[BlackElo "1515"]
[PlyCount "44"]
[EventDate "2019.10.19"]
[EventType "team-tourn"]
[EventRounds "14"]
[EventCountry "SVK"]
[SourceTitle "EXT 2022"]
[Source "ChessBase"]
[SourceDate "2021.10.06"]
[SourceVersion "1"]
[SourceVersionDate "2021.10.06"]
[SourceQuality "1"]
[WhiteTeam "Senica CVC III"]
[BlackTeam "Stefanov II"]
[WhiteTeamCountry "SVK"]
[BlackTeamCountry "SVK"]

1. e4 e5 2. Nf3 Nc6 3. Bc4 Be7 4. c3 Nf6 5. d3 0-0 6. 0-0 d6 7. Bb3 Bg4 8. Nbd2 d5 9. Re1 d4 10. Nf1 Qd7 11. Bg5 Rad8 12. Bc2 h6 13. Bh4 Rfe8 14. N1d2 Nh5 15. Bxe7 Rxe7 16. h3 Bxh3 17. g3 Bg4 18. Nb3 Qd6 19. c4 Qg6 20. Nh4 Qg5 21. f3 Bh3 22. Ng2 Qxg3 0-1

[Event "SVK-chT5 SE-SI 1920"]
[Site "Slovakia"]
[Date "2019.11.02"]
[Round "2.2"]
[White "Kastler, Peter"]
[Black "Fajtakova, Silvia"]
[Result "1-0"]
[WhiteElo "1683"]
[BlackElo "1515"]
[PlyCount "111"]
[EventDate "2019.10.19"]
[EventType "team-tourn"]
[EventRounds "14"]
[EventCountry "SVK"]
[SourceTitle "CBM 193 Extra"]
[Source "ChessBase"]
[SourceDate "2020.01.31"]
[SourceVersion "1"]
[SourceVersionDate "2020.01.31"]
[SourceQuality "1"]
[WhiteTeam "Jabuca Petrova Ves Gbely V"]
[BlackTeam "Stefanov II"]
[WhiteTeamCountry "SVK"]
[BlackTeamCountry "SVK"]

1. d4 d5 2. c4 c6 3. cxd5 cxd5 4. Nf3 e6 5. e3 Nf6 6. Nc3 Bd7 7. Ne5 Bb4 8. Bd2 0-0 9. Nxd7 Nbxd7 10. Bd3 Rc8 11. 0-0 e5 12. Bf5 e4 13. Qb3 Bxc3 14. Bxc3 Rb8 15. Rac1 Qb6 16. Qa4 Qc6 17. Qxc6 bxc6 18. Rc2 Rfc8 19. Rfc1 Rb6 20. a3 Kf8 21. Bb4+ Ke8 22. Ba5 Ra6 23. Bb4 Rb6 24. g3 g6 25. Bh3 Ng8 26. Ba5 Rbb8 27. Bf1 Nb6 28. Rxc6 Ne7 29. Rxc8+ Rxc8 30. Rxc8+ Nexc8 31. Bxb6 Nxb6 32. Be2 Kd7 33. Kf1 Kc6 34. b3 Nd7 35. Ke1 Kb6 36. Kd2 Ka5 37. Kc3 Nb6 38. a4 Nd7 39. Bb5 Nf6 40. b4+ Kb6 41. Be2 a5 42. h3 h5 43. b5 g5 44. g4 h4 45. Kd2 Ne8 46. Bd1 Nd6 47. Bb3 f5 48. gxf5 g4 49. Ke2 g3 50. fxg3 hxg3 51. f6 Nf5 52. f7 g2 53. Kf2 Nxe3 54. f8Q Ng4+ 55. hxg4 e3+ 56. Kxg2 1-0

[Event "EU-ch U14 Girls"]
[Site "Bratislava"]
[Date "2019.08.10"]
[Round "9"]
[White "Fajtakova, Silvia"]
[Black "Kiousi, Panagiota"]
[Result "0-1"]
[WhiteElo "1514"]
[BlackElo "1806"]
[PlyCount "74"]
[EventDate "2019.08.02"]
[EventType "swiss"]
[EventRounds "9"]
[EventCountry "SVK"]
[SourceTitle "EXT 2020"]
[Source "ChessBase"]
[SourceDate "2019.10.17"]
[SourceVersion "1"]
[SourceVersionDate "2019.10.17"]
[SourceQuality "1"]

1. e4 c5 2. Nf3 d6 3. Bb5+ Nd7 4. c3 a6 5. Ba4 b5 6. Bc2 c4 7. 0-0 Ngf6 8. b3 Qc7 9. Qe2 Bb7 10. Na3 Rc8 11. Rb1 Ba8 12. bxc4 bxc4 13. Rb4 Nb6 14. Ng5 h6 15. Nh3 e6 16. Rb1 Be7 17. f3 0-0 18. Kh1 Nfd7 19. Qf2 d5 20. exd5 Nxd5 21. Qd4 N7f6 22. Bd1 Rfd8 23. Qf2 Qd7 24. Be2 Qa4 25. Nxc4 Rxc4 26. Bxc4 Qxc4 27. a3 Bc5 28. Qe1 Nh5 29. d4 Bd6 30. Bb2 Qc7 31. g3 Bxg3 32. Qe2 Bd6 33. c4 Ndf4 34. Nxf4 Nxf4 35. Qc2 Qe7 36. c5 Bc7 37. Rg1 Bxf3+ 0-1

[Event "EU-ch U14 Girls"]
[Site "Bratislava"]
[Date "2019.08.08"]
[Round "7"]
[White "Fajtakova, Silvia"]
[Black "Anika, Rachna Roy"]
[Result "1-0"]
[WhiteElo "1514"]
[BlackElo "1380"]
[PlyCount "83"]
[EventDate "2019.08.02"]
[EventType "swiss"]
[EventRounds "9"]
[EventCountry "SVK"]
[SourceTitle "EXT 2020"]
[Source "ChessBase"]
[SourceDate "2019.10.17"]
[SourceVersion "1"]
[SourceVersionDate "2019.10.17"]
[SourceQuality "1"]

1. e4 e5 2. Nf3 Nc6 3. Bb5 a6 4. Ba4 Nf6 5. 0-0 Be7 6. Re1 b5 7. Bb3 0-0 8. c3 d5 9. exd5 Nxd5 10. Nxe5 Nxe5 11. Rxe5 c6 12. d4 Bd6 13. Re1 Qh4 14. g3 Qh3 15. Qf3 Bg4 16. Qg2 Qh5 17. Bxd5 cxd5 18. Be3 Bf3 19. Qf1 f5 20. h3 f4 21. g4 Qh4 22. Nd2 fxe3 23. Rxe3 Bxg4 24. Qg2 Bf5 25. Qxd5+ Kh8 26. Qxd6 Bxh3 27. Qg3 Qf6 28. Ne4 Qf4 29. Qxh3 Rae8 30. Qg2 Re6 31. Rae1 Rg6 32. Rg3 Re6 33. Rxg7 Rfe8 34. Rg4 Qh6 35. Qh2 Qf8 36. Qf4 Qe7 37. Kf1 Qb7 38. Re2 Qd5 39. a3 Qh5 40. Rh4 Qg6 41. Qg4 Qf7 42. Ng5 1-0

[Event "EU-ch U14 Girls"]
[Site "Bratislava"]
[Date "2019.08.05"]
[Round "4"]
[White "Lomaia, Diana"]
[Black "Fajtakova, Silvia"]
[Result "1-0"]
[WhiteElo "1813"]
[BlackElo "1514"]
[PlyCount "93"]
[EventDate "2019.08.02"]
[EventType "swiss"]
[EventRounds "9"]
[EventCountry "SVK"]
[SourceTitle "EXT 2020"]
[Source "ChessBase"]
[SourceDate "2019.10.17"]
[SourceVersion "1"]
[SourceVersionDate "2019.10.17"]
[SourceQuality "1"]

1. d4 d5 2. c4 c6 3. Nf3 Bf5 4. Nc3 e6 5. e3 Nd7 6. Be2 Bd6 7. 0-0 Ngf6 8. b3 0-0 9. Bb2 Rc8 10. Rc1 Bb8 11. Qd2 Bg4 12. h3 Bf5 13. Rfd1 Qc7 14. Kf1 Ne4 15. Nxe4 Bxe4 16. b4 b6 17. a4 f5 18. Ne5 Nxe5 19. dxe5 dxc4 20. Bxc4 Bd5 21. Bxd5 exd5 22. b5 c5 23. Qxd5+ Kh8 24. Qc4 Qe7 25. f4 Rce8 26. Rd2 Qb7 27. Rcd1 Qe4 28. Qxe4 fxe4 29. Ke2 Kg8 30. Rc1 Re6 31. Rc4 Rg6 32. Ke1 Rg3 33. Kf2 Rg6 34. Rxe4 Re6 35. Ke1 h6 36. g4 g6 37. Rd7 h5 38. Kd2 hxg4 39. hxg4 Rf7 40. Rxf7 Kxf7 41. f5 gxf5 42. gxf5 Re8 43. e6+ Kf8 44. Ke2 Bd6 45. Rh4 Ke7 46. Rh7+ Kd8 47. Rd7+ 1-0

[Event "EU-ch U14 Girls"]
[Site "Bratislava"]
[Date "2019.08.03"]
[Round "2"]
[White "Shuqja, Klean"]
[Black "Fajtakova, Silvia"]
[Result "0-1"]
[WhiteElo "1829"]
[BlackElo "1514"]
[PlyCount "222"]
[EventDate "2019.08.02"]
[EventType "swiss"]
[EventRounds "9"]
[EventCountry "SVK"]
[SourceTitle "EXT 2020"]
[Source "ChessBase"]
[SourceDate "2019.10.17"]
[SourceVersion "1"]
[SourceVersionDate "2019.10.17"]
[SourceQuality "1"]

1. e4 c5 2. Nf3 Nc6 3. d4 cxd4 4. Nxd4 g6 5. Nc3 Bg7 6. Nb3 Nf6 7. Be2 0-0 8. 0-0 a6 9. Bg5 b5 10. a3 d6 11. f4 Bb7 12. Kh1 Rc8 13. Bf3 Qb6 14. Bxf6 Bxf6 15. Nd5 Qd8 16. Nxf6+ exf6 17. Rf2 Qe7 18. Rd2 Rfd8 19. Qe2 Rc7 20. Rad1 Bc8 21. Nd4 Na5 22. b3 Nb7 23. e5 d5 24. c4 bxc4 25. bxc4 fxe5 26. fxe5 Re8 27. cxd5 Qxe5 28. Qxe5 Rxe5 29. Nc6 Re8 30. d6 Rd7 31. Nb8 Rxd6 32. Rxd6 Nxd6 33. Kg1 Nb5 34. a4 Nc3 35. Rc1 Bb7 36. Rxc3 Bxf3 37. Nxa6 Bd1 38. Ra3 Ra8 39. Nc5 Ra5 40. Ra1 Bc2 41. Nd7 Rxa4 42. Rc1 Bf5 43. Nf6+ Kg7 44. Nd5 Be6 45. Ne3 Ra3 46. Kf2 Ra5 47. h4 Ra2+ 48. Kf3 h5 49. g3 Ra3 50. Kf4 Ra4+ 51. Ke5 Ra5+ 52. Kf4 Ra6 53. Rb1 Bd7 54. Kf3 Bc6+ 55. Ke2 Be4 56. Rb2 Ra1 57. Nd1 Bf5 58. Nf2 Ra3 59. Nh1 Be4 60. Nf2 Bf3+ 61. Kd2 Bd5 62. g4 hxg4 63. Nxg4 Ra4 64. Ne3 Be6 65. h5 gxh5 66. Rb5 h4 67. Rh5 h3 68. Ke2 Bd7 69. Kf2 Kg6 70. Rh8 Ra2+ 71. Kg3 Ra3 72. Kf2 Ra5 73. Rg8+ Kh7 74. Rd8 Bc6 75. Ng4 Ra2+ 76. Kg3 Ra3+ 77. Kh2 Kg7 78. Rd6 Ba8 79. Rb6 Bd5 80. Rd6 Be6 81. Rd4 Bxg4 82. Rxg4+ Kf6 83. Rf4+ Ke6 84. Re4+ Kf5 85. Rb4 Kg5 86. Rb5+ f5 87. Rb4 f4 88. Rb8 Rg3 89. Rg8+ Kh4 90. Rf8 Kg4 91. Ra8 Rg2+ 92. Kh1 Re2 93. Ra3 Re3 94. Ra8 Kf3 95. Kh2 Ke4 96. Ra4+ Kf5 97. Ra8 Rg3 98. Rf8+ Ke4 99. Ra8 Rd3 100. Ra4+ Ke3 101. Kxh3 Ke2+ 102. Kh2 Rf3 103. Ra2+ Ke3 104. Kg2 Rg3+ 105. Kf1 Kf3 106. Ra3+ Kg4 107. Ra4 Rc3 108. Kf2 Rc2+ 109. Kf1 Kg3 110. Ra1 f3 111. Rb1 Rh2 0-1

[Event "SVK-chT4 A21 1819"]
[Site "Slovakia"]
[Date "2019.02.03"]
[Round "8.5"]
[White "Fajtakova, Silvia"]
[Black "Smrek, Peter"]
[Result "1/2-1/2"]
[WhiteElo "1400"]
[BlackElo "1677"]
[PlyCount "59"]
[EventDate "2018.10.14"]
[EventType "team-tourn"]
[EventRounds "11"]
[EventCountry "SVK"]
[SourceTitle "CBM 189 Extra"]
[Source "ChessBase"]
[SourceDate "2019.06.03"]
[SourceVersion "1"]
[SourceVersionDate "2019.06.03"]
[SourceQuality "1"]
[WhiteTeam "Stefanov"]
[BlackTeam "Vrbove"]
[WhiteTeamCountry "SVK"]
[BlackTeamCountry "SVK"]

1. e4 c5 2. Nf3 Nf6 3. d4 cxd4 4. Nxd4 d6 5. Bb5+ Bd7 6. c3 Nc6 7. Bd3 h6 8. 0-0 e6 9. Bc2 a6 10. Re1 Be7 11. Na3 b5 12. Qf3 0-0 13. Qg3 Kh8 14. f4 Rc8 15. e5 Ng8 16. Qd3 g6 17. exd6 Bxd6 18. Kh1 Kh7 19. Nf3 Bxa3 20. bxa3 Nge7 21. Qd2 Be8 22. Qf2 Nd5 23. Rd1 Qa5 24. Rd3 Bd7 25. Qe2 f5 26. Rb1 Qc7 27. Ne5 Nxe5 28. fxe5 Rce8 29. Rh3 h5 30. Bb3 1/2-1/2

[Event "SVK-chT5 1718"]
[Site "Slovakia"]
[Date "2017.10.21"]
[Round "1"]
[White "Cambal, Peter"]
[Black "Fajtakova, Silvia"]
[Result "0-1"]
[WhiteElo "1440"]
[BlackElo "1336"]
[PlyCount "24"]
[EventDate "2017.10.21"]
[EventType "team-tourn"]
[EventRounds "9"]
[EventCountry "SVK"]
[SourceTitle "EXT 2019"]
[Source "ChessBase"]
[SourceDate "2018.10.10"]
[SourceVersion "1"]
[SourceVersionDate "2018.10.10"]
[SourceQuality "1"]
[WhiteTeam "Holic III"]
[BlackTeam "Stefanov II"]
[WhiteTeamCountry "SVK"]
[BlackTeamCountry "SVK"]

1. e4 e5 2. f4 d6 3. Nf3 Bg4 4. Bc4 Nd7 5. 0-0 Ngf6 6. Nc3 Be7 7. d4 exd4 8. Qxd4 d5 9. Bxd5 Bc5 10. Bxf7+ Kxf7 11. Ne5+ Ke8 12. Rd1 Bxd1 0-1

[Event "SVK-chT5 SE-SI 1617"]
[Site "Slovakia"]
[Date "2017.02.04"]
[Round "6.4"]
[White "Steiner, Juraj"]
[Black "Fajtakova, Silvia"]
[Result "1-0"]
[WhiteElo "1000"]
[BlackElo "1310"]
[PlyCount "105"]
[EventDate "2016.10.15"]
[EventType "team-tourn"]
[EventRounds "9"]
[EventCountry "SVK"]
[SourceTitle "EXT 2018"]
[Source "ChessBase"]
[SourceDate "2017.10.13"]
[SourceVersion "1"]
[SourceVersionDate "2017.10.13"]
[SourceQuality "1"]
[WhiteTeam "Holic III"]
[BlackTeam "Stefanov II"]
[WhiteTeamCountry "SVK"]
[BlackTeamCountry "SVK"]

1. c4 e5 2. Nc3 Nf6 3. g3 d5 4. Bg2 c6 5. b3 Be6 6. d3 Bb4 7. Bd2 0-0 8. Nf3 Re8 9. Nxe5 Bf5 10. d4 dxc4 11. e3 cxb3 12. Qxb3 Qd6 13. Qxf7+ Kh8 14. Qxb7 Bg6 15. Qxa8 Bxc3 16. Nxg6+ hxg6 17. Bxc3 Qa3 18. 0-0 Qxc3 19. Rac1 Qa3 20. Bxc6 Rg8 21. Qb7 Qd6 22. Bg2 Nbd7 23. Bh3 Nb6 24. Rc6 Qa3 25. e4 Nxe4 26. Rxg6 Nd2 27. Qc6 Qf8 28. Rc1 Nf3+ 29. Kg2 Nxd4 30. Qe4 Qa8 31. Qxa8 Rxa8 32. Rc7 Rg8 33. Rxa7 Na8 34. Rd7 Nb5 35. Be6 Kh7 36. Bxg8+ Kxg6 37. Bd5 Nac7 38. a4 Nxd5 39. axb5 Nc3 40. b6 Ne4 41. b7 Nf6 42. Rd6 Kh7 43. b8Q Ne4 44. Rd4 Nf6 45. Kf3 Kg6 46. Qb1+ Kf7 47. g4 g5 48. Qf5 Kg7 49. Qxg5+ Kf7 50. Rd6 Ne8 51. Rd7+ Kf8 52. Qe7+ Kg8 53. Qxe8# 1-0